[Event "Sao Bento do Sul U2050 1st"]
[Site "Sao Bento do Sul"]
[Date "2016.05.22"]
[Round "7.5"]
[White "Koroleski, Flavio Antonio Teix"]
[Black "Both, Vinicius Andre"]
[Result "1-0"]
[WhiteElo "1839"]
[BlackElo "1943"]
[PlyCount "112"]
[EventDate "2016.05.20"]
[EventType "swiss"]
[EventRounds "7"]
[EventCountry "BRA"]
[SourceTitle "EXT 2022"]
[Source "ChessBase"]
[SourceDate "2021.10.06"]
[SourceVersion "1"]
[SourceVersionDate "2021.10.06"]
[SourceQuality "1"]

1. e4 c6 2. d3 d5 3. Nd2 e5 4. g3 Nf6 5. Bg2 dxe4 6. dxe4 Bc5 7. h3 0-0 8. Ngf3 Qc7 9. 0-0 b5 10. Qe2 a5 11. b3 Nbd7 12. Bb2 Ba6 13. Kh2 Rfe8 14. Rfd1 b4 15. Qe1 Nb6 16. Bf1 Bxf1 17. Nxf1 Nfd7 18. Ne3 Bxe3 19. Qxe3 c5 20. c4 Nf8 21. Rd2 f6 22. Rad1 Ne6 23. Nh4 Nd4 24. Rg1 a4 25. Bxd4 exd4 26. Qd3 axb3 27. axb3 Ra3 28. Re2 Na4 29. Rge1 Nc3 30. Rb2 Rea8 31. Nf3 Ra1 32. Rxa1 Rxa1 33. Nd2 Re1 34. Kg2 Qc6 35. Qf3 Qe6 36. e5 fxe5 37. Qa8+ Kf7 38. Nf3 Qh6 39. Qb7+ Kf8 40. Qc8+ Kf7 41. Qf5+ Qf6 42. Qxf6+ gxf6 43. Nxe1 e4 44. Kf1 Ke6 45. Ng2 Ke5 46. Nf4 e3 47. fxe3 dxe3 48. Ke1 f5 49. Nd5 Kd4 50. Nf4 Ne4 51. Ne2+ Kd3 52. Rb1 Kc2 53. Rd1 Nd2 54. Nc1 Nf3+ 55. Ke2 Nd4+ 56. Rxd4 cxd4 1-0

[Event "Sao Bento do Sul U2050 1st"]
[Site "Sao Bento do Sul"]
[Date "2016.05.21"]
[Round "5.5"]
[White "Koroleski, Flavio Antonio Teix"]
[Black "Maia, Jonathan Cesar"]
[Result "0-1"]
[WhiteElo "1839"]
[BlackElo "1940"]
[PlyCount "111"]
[EventDate "2016.05.20"]
[EventType "swiss"]
[EventRounds "7"]
[EventCountry "BRA"]
[SourceTitle "EXT 2022"]
[Source "ChessBase"]
[SourceDate "2021.10.06"]
[SourceVersion "1"]
[SourceVersionDate "2021.10.06"]
[SourceQuality "1"]

1. e4 c6 2. d4 d5 3. c4 dxe4 4. Nc3 Nf6 5. f3 exf3 6. Nxf3 Bg4 7. Be2 e6 8. 0-0 Be7 9. Be3 0-0 10. Qc2 Bf5 11. Qd2 Nbd7 12. Rad1 Ne4 13. Nxe4 Bxe4 14. Bd3 Bxd3 15. Qxd3 Qa5 16. a3 Rad8 17. Qc2 Qc7 18. Ng5 Bxg5 19. Bxg5 f6 20. Bh4 e5 21. Bg3 Qa5 22. Be1 Qc7 23. Bg3 Qa5 24. Rf3 exd4 25. b4 Qh5 26. Rxd4 Ne5 27. Rff4 Rxd4 28. Rxd4 Re8 29. c5 Qf7 30. Rh4 Ng6 31. Rd4 Qe6 32. Bf2 Ne5 33. Rh4 Ng6 34. Rh3 Rd8 35. Re3 Qd5 36. Bg3 Qd1+ 37. Qxd1 Rxd1+ 38. Kf2 Kf7 39. Bb8 a6 40. Ke2 Rd8 41. Bd6 Re8 42. Rxe8 Kxe8 43. Ke3 Kf7 44. Ke4 Ke6 45. h3 f5+ 46. Kd4 Nh4 47. g3 Nf3+ 48. Ke3 Ng5 49. h4 Ne4 50. Bf8 g6 51. Kf4 Nd2 52. Bg7 Nc4 53. a4 Nd2 54. g4 fxg4 55. Bc3 Nc4 56. Kxg4 0-1

[Event "BRA-ch U26"]
[Site "Uberlandia"]
[Date "2015.10.18"]
[Round "7"]
[White "Koroleski, Flavio Antonio Teix"]
[Black "Nemeth Junior, Henrique"]
[Result "1-0"]
[WhiteElo "1786"]
[BlackElo "1979"]
[PlyCount "67"]
[EventDate "2015.10.15"]
[EventType "swiss"]
[EventRounds "7"]
[EventCountry "BRA"]
[SourceTitle "CBM 168 Extra"]
[Source "ChessBase"]
[SourceDate "2015.10.29"]
[SourceVersion "1"]
[SourceVersionDate "2015.10.29"]
[SourceQuality "1"]

1. e4 c5 2. Nc3 Nc6 3. Bc4 e6 4. f4 g6 5. Nf3 Bg7 6. d3 d6 7. 0-0 Nge7 8. Qe1 Nd4 9. Nxd4 cxd4 10. Ne2 0-0 11. Ng3 d5 12. Bb3 dxe4 13. dxe4 Bd7 14. Bd2 a5 15. Bc4 Qb6 16. Bd3 Bb5 17. b3 Bxd3 18. cxd3 Qb5 19. Rf3 Rfe8 20. Rc1 Nc6 21. e5 f5 22. exf6 Bxf6 23. Ne4 Be7 24. Ng5 Bxg5 25. fxg5 e5 26. Qe4 Rf8 27. Rcf1 Ne7 28. Rf6 Nf5 29. g4 Ng7 30. Bc1 Rfe8 31. Ba3 Ne6 32. Rxg6+ hxg6 33. Qxg6+ Kh8 34. Rf7 1-0

[Event "BRA-ch U26"]
[Site "Uberlandia"]
[Date "2015.10.17"]
[Round "4"]
[White "Koroleski, Flavio Antonio Teix"]
[Black "Da Silva Junior, Antonio Gomes"]
[Result "1/2-1/2"]
[WhiteElo "1786"]
[BlackElo "1875"]
[PlyCount "71"]
[EventDate "2015.10.15"]
[EventType "swiss"]
[EventRounds "7"]
[EventCountry "BRA"]
[SourceTitle "CBM 168 Extra"]
[Source "ChessBase"]
[SourceDate "2015.10.29"]
[SourceVersion "1"]
[SourceVersionDate "2015.10.29"]
[SourceQuality "1"]

1. e4 e5 2. f4 exf4 3. Nf3 Be7 4. h4 d5 5. e5 Bg4 6. d4 Bxh4+ 7. Rxh4 Bxf3 8. Qxf3 Qxh4+ 9. Kd1 Nc6 10. c3 Nge7 11. Bxf4 Ng6 12. Bg3 Qe4 13. Qf2 Qg4+ 14. Be2 Qe6 15. Nd2 0-0-0 16. Kc2 f6 17. Bd3 Nce7 18. Re1 fxe5 19. dxe5 Kb8 20. Nf3 Rhf8 21. Qd2 c5 22. Kb1 c4 23. Bc2 Nc6 24. Bh2 h6 25. Nd4 Nxd4 26. Qxd4 Ne7 27. g4 Nc6 28. Qc5 d4 29. Bf5 Qd5 30. e6+ Ka8 31. Qxd5 Rxd5 32. cxd4 Rxd4 33. Bg1 Rd5 34. a3 Re5 35. Rxe5 Nxe5 36. Bd4 1/2-1/2

[Event "BRA-ch U26"]
[Site "Uberlandia"]
[Date "2015.10.15"]
[Round "1"]
[White "Garcia, Gabriel Gonzaga"]
[Black "Koroleski, Flavio Antonio Teix"]
[Result "1-0"]
[WhiteElo "2090"]
[BlackElo "1786"]
[PlyCount "75"]
[EventDate "2015.10.15"]
[EventType "swiss"]
[EventRounds "7"]
[EventCountry "BRA"]
[SourceTitle "CBM 168 Extra"]
[Source "ChessBase"]
[SourceDate "2015.10.29"]
[SourceVersion "1"]
[SourceVersionDate "2015.10.29"]
[SourceQuality "1"]

1. e4 c5 2. Nf3 Nc6 3. Bb5 a6 4. Bxc6 bxc6 5. 0-0 g6 6. d3 Bg7 7. Nc3 Nf6 8. Be3 d6 9. e5 Nd5 10. exd6 exd6 11. Bg5 Qc7 12. Re1+ Be6 13. Ne4 0-0 14. c4 Nb6 15. Qd2 Nd7 16. Be7 Rfe8 17. Bxd6 Qb7 18. Rab1 Rad8 19. Bxc5 Nxc5 20. Nxc5 Qc8 21. Nxe6 Rxe6 22. Rxe6 Qxe6 23. Re1 Qd6 24. b4 c5 25. bxc5 Qxc5 26. Rd1 Rb8 27. Qc1 Qa5 28. d4 Qxa2 29. d5 Rd8 30. d6 Qa4 31. c5 Qc6 32. Qc4 Bf6 33. Qd5 Qxd5 34. Rxd5 Kf8 35. c6 Rb8 36. g4 Rb1+ 37. Kg2 Rc1 38. c7 1-0

[Event "Foz do Iguacu op 3rd"]
[Site "Foz do Iguacu"]
[Date "2013.06.01"]
[Round "4"]
[White "Koroleski, Flavio Antonio Teix"]
[Black "Felix, Julia Vitoria"]
[Result "1-0"]
[WhiteElo "1782"]
[BlackElo "1833"]
[PlyCount "51"]
[EventDate "2013.05.31"]
[EventType "swiss"]
[EventRounds "6"]
[EventCountry "BRA"]
[SourceTitle "CBM 154 Extra"]
[Source "ChessBase"]
[SourceDate "2013.06.25"]
[SourceVersion "2"]
[SourceVersionDate "2013.06.25"]
[SourceQuality "1"]

1. e4 e6 2. b3 d5 3. Bb2 dxe4 4. f3 exf3 5. Nxf3 Nf6 6. Bc4 Be7 7. Nc3 0-0 8. Qe2 b6 9. 0-0-0 Bb7 10. d4 a6 11. Rhe1 b5 12. Bd3 b4 13. Ne4 a5 14. Nc5 Ra7 15. Ng5 h6 16. Ncxe6 fxe6 17. Qxe6+ Kh8 18. Nf7+ Rxf7 19. Qxf7 Nc6 20. d5 Ra8 21. dxc6 Bxc6 22. Rxe7 Qg8 23. Qg6 Rd8 24. Bxf6 Rd7 25. Qxh6+ Qh7 26. Qxh7# 1-0

[Event "Foz do Iguacu op 3rd"]
[Site "Foz do Iguacu"]
[Date "2013.06.01"]
[Round "3"]
[White "Yano, William Jorge Froes"]
[Black "Koroleski, Flavio Antonio Teix"]
[Result "1-0"]
[WhiteElo "2123"]
[BlackElo "1782"]
[PlyCount "51"]
[EventDate "2013.05.31"]
[EventType "swiss"]
[EventRounds "6"]
[EventCountry "BRA"]
[SourceTitle "CBM 154 Extra"]
[Source "ChessBase"]
[SourceDate "2013.06.25"]
[SourceVersion "2"]
[SourceVersionDate "2013.06.25"]
[SourceQuality "1"]

1. e4 c5 2. Nc3 e6 3. f4 Nf6 4. Nf3 a6 5. d3 d5 6. e5 Nfd7 7. g3 Be7 8. Bh3 Nc6 9. 0-0 b5 10. Ne2 Qb6 11. c3 g6 12. Be3 Qc7 13. Bf2 Bb7 14. Qd2 Nb6 15. Rac1 h5 16. b4 c4 17. Bxb6 Qxb6+ 18. d4 0-0-0 19. Kh1 Rdg8 20. Ng5 Nd8 21. a4 Bc6 22. Nxf7 Nxf7 23. Bxe6+ Kb7 24. Bxf7 Rg7 25. axb5 Bxb5 26. Bxd5+ 1-0

[Event "Foz do Iguacu op 3rd"]
[Site "Foz do Iguacu"]
[Date "2013.05.31"]
[Round "2"]
[White "Koroleski, Flavio Antonio Teix"]
[Black "Braga, Camila Ferreira"]
[Result "1-0"]
[WhiteElo "1782"]
[BlackElo "1790"]
[PlyCount "81"]
[EventDate "2013.05.31"]
[EventType "swiss"]
[EventRounds "6"]
[EventCountry "BRA"]
[SourceTitle "CBM 154 Extra"]
[Source "ChessBase"]
[SourceDate "2013.06.25"]
[SourceVersion "2"]
[SourceVersionDate "2013.06.25"]
[SourceQuality "1"]

1. e4 d5 2. d4 e6 3. c4 Nf6 4. Nc3 Nc6 5. Bg5 Be7 6. exd5 exd5 7. h3 Be6 8. Nf3 0-0 9. c5 Ne4 10. Bxe7 Qxe7 11. Bd3 Nxc3 12. bxc3 Bg4+ 13. Kf1 Bh5 14. g3 Qf6 15. Kg2 Bxf3+ 16. Qxf3 Qxf3+ 17. Kxf3 h6 18. Rab1 b6 19. Bb5 Na5 20. cxb6 axb6 21. Rb2 c5 22. Re1 Rac8 23. Ba6 Rc6 24. Bb5 Re6 25. Reb1 Ra8 26. a4 Nc6 27. Rd2 Rd8 28. h4 g5 29. hxg5 hxg5 30. Kg4 f6 31. f4 Ne7 32. fxg5 Re4+ 33. Kf3 fxg5 34. dxc5 Rf8+ 35. Kg2 bxc5 36. Re2 g4 37. Rxe4 dxe4 38. Re1 Nd5 39. Bc4 Rf3 40. Bxd5+ Kg7 41. Rxe4 1-0